00814cam a22003134i 4500003000900000005001700009008004100026035001900067040003300086082001700119100003400136245002200170264004300192336002100235337002500256338002300281505010000304526001000404526001000414526001000424526001000434526000800444526000800452526000800460526000800468526000800476526000800484526000800492PE-LiUPU20250731173211.0150625s r 000 0 d a(Sirsi) a32255 aPE-LiUPUbspacPE-LiUPUerda04a200bD342211 aDe Walcheren, Pieter,eautor.10aCuatro parabolas. 1aBuenos Aires :bCarlos Lohlé,c1965. atext2rdacontent aunmediated2rdamedia avolume2rdacarrier0 aLa lucha por la luz. - El rector del seminario mayor. - Milagro en Lourdes. - El hombre dinamo. aSEG42 aSEG41 aSEG40 aSEG39 aP94 aP87 aP86 aP85 aP77 aP76 aP35